000 01069nam a2200301Ia 4500
001 Para_9061
003 CHAP
008 220125s2005 xx 000 0 und d
010 _a205830
040 _cCHAP
090 _aPA TESIS 1924
100 _aPérez Alonso, Heriberto
_989504
245 _aEfectividad del Trifloxystrobin para el control de cenicilla (Sphaerotheca pannosa var. rosae) en el cultivo de la rosa en Villa Guerrero, Estado de México /
_c por Heriberto Pérez Alonso
260 _aChapingo, Méx. :
_b el autor
300 _a48 h.
502 _aTesis (Ing. Agr. Esp. en Parasitología Agrícola) -- UACh. Departamento Parasitología Agrícola
650 _aCenicilla del rosal
_920971
650 _aFungicidas
_x análisis
_944045
650 _aRosas
_x enfermedades
_999967
710 _aUACh. Departamento Parasitología Agrícola
_9164025
901 _aPA TESIS 1924
902 _aA
905 _a0000002005 mx dmn 0000000000sp 00
910 _a2005
942 _cPARA
942 _cPARA
_d2
999 _c205830
_d205830